|
|
|
|
| LEADER |
00000cam a22000004a 4500 |
| 001 |
musev2_100676 |
| 003 |
MdBmJHUP |
| 005 |
20230905053535.0 |
| 006 |
m o d |
| 007 |
cr||||||||nn|n |
| 008 |
100414s1999 aru o 00 0 eng d |
| 020 |
|
|
|a 9781610751735
|
| 020 |
|
|
|z 9781557285508
|
| 020 |
|
|
|z 9781557285492
|
| 035 |
|
|
|a (OCoLC)1311568072
|
| 040 |
|
|
|a MdBmJHUP
|c MdBmJHUP
|
| 245 |
0 |
0 |
|a Guerrillas, Unionists, and Violence on the Confederate Home Front /
|c edited by Daniel E. Sutherland.
|
| 264 |
|
1 |
|a Fayetteville :
|b University of Arkansas Press,
|c 1999.
|
| 264 |
|
3 |
|a Baltimore, Md. :
|b Project MUSE,
|c 2022
|
| 264 |
|
4 |
|c ©1999.
|
| 300 |
|
|
|a 1 online resource:
|b illustrations, 1 map
|
| 336 |
|
|
|a text
|b txt
|2 rdacontent
|
| 337 |
|
|
|a computer
|b c
|2 rdamedia
|
| 338 |
|
|
|a online resource
|b cr
|2 rdacarrier
|
| 505 |
0 |
|
|a Introduction: the desperate side of war / Daniel E. Sutherland -- Telling and retelling the legend of the "Free State of Jones" / Victoria E. Bynum -- "Shot for being bushwhackers": guerrilla war and extralegal violence in a north Georgia community, 1862-1865 / Jonathan D. Sarris -- "In time of war": Unionists hanged in Kinston, North Carolina, February 1864 / Lesley J. Gordon -- The politics of violence: Unionist pamphleteers in Virginia's inner Civil War / Jon L. Wakelyn -- The absence of violence: Confederates and Unionists in Culpepper County, Virginia / Daniel E. Sutherland -- Definitions of victory: east Tennessee Unionists in the Civil War and reconstruction / Noel C. Fisher -- A people's war: partisan conflict in Tennessee and Kentucky / B. Franklin Cooling -- The limits of dissent and loyalty in Texas / David Paul Smith -- "Out of stinking distance": the guerrilla war in Louisiana / Donald S. Frazier -- Bushwhackers, provosts, and tories: the guerrilla war in Arkansas / Robert R. Mackey -- Inside wars: the cultural crisis of warfare and the values of ordinary people / Michael Fellman.
|
| 588 |
|
|
|a Description based on print version record.
|
| 651 |
|
7 |
|a United States
|z Confederate States of America.
|2 fast
|0 (OCoLC)fst01205435
|
| 651 |
|
7 |
|a United States.
|2 fast
|0 (OCoLC)fst01204155
|
| 651 |
|
6 |
|a États-Unis
|x Histoire
|y 1861-1865 (Guerre de Secession)
|x Aspect social.
|
| 651 |
|
6 |
|a États-Unis
|x Histoire
|y 1861-1865 (Guerre de Secession)
|x Opinion publique.
|
| 651 |
|
6 |
|a États confederes d'Amerique
|x Politique et gouvernement.
|
| 651 |
|
0 |
|a United States
|x History
|y Civil War, 1861-1865
|x Social aspects.
|
| 651 |
|
0 |
|a United States
|x History
|y Civil War, 1861-1865
|x Underground movements.
|
| 651 |
|
0 |
|a United States
|x History
|y Civil War, 1861-1865
|x Public opinion.
|
| 651 |
|
0 |
|a Confederate States of America
|x Politics and government.
|
| 651 |
|
0 |
|a Confederate States of America
|x Social conditions.
|
| 650 |
1 |
7 |
|a Geweld.
|2 gtt
|
| 650 |
1 |
7 |
|a Amerikaanse burgeroorlog.
|2 gtt
|
| 650 |
|
7 |
|a Violence.
|2 fast
|0 (OCoLC)fst01167224
|
| 650 |
|
7 |
|a Unionists (United States Civil War)
|2 fast
|0 (OCoLC)fst01161409
|
| 650 |
|
7 |
|a Underground movements, War.
|2 fast
|0 (OCoLC)fst01355184
|
| 650 |
|
7 |
|a Social conditions.
|2 fast
|0 (OCoLC)fst01919811
|
| 650 |
|
7 |
|a Social aspects.
|2 fast
|0 (OCoLC)fst01354981
|
| 650 |
|
7 |
|a Public opinion.
|2 fast
|0 (OCoLC)fst01082785
|
| 650 |
|
7 |
|a Politics and government.
|2 fast
|0 (OCoLC)fst01919741
|
| 650 |
|
7 |
|a Guerrillas.
|2 fast
|0 (OCoLC)fst00948935
|
| 650 |
|
6 |
|a Violence
|z États confederes d'Amerique.
|
| 650 |
|
6 |
|a Opinion publique
|z États confederes d'Amerique.
|
| 650 |
|
6 |
|a Unionistes (Guerre de Secession americaine)
|
| 650 |
|
0 |
|a Violence
|z Confederate States of America.
|
| 650 |
|
0 |
|a Guerrillas
|z Confederate States of America.
|
| 650 |
|
0 |
|a Public opinion
|z Confederate States of America.
|
| 650 |
|
0 |
|a Unionists (United States Civil War)
|
| 655 |
|
7 |
|a History.
|2 fast
|0 (OCoLC)fst01411628
|
| 655 |
|
7 |
|a Electronic books.
|2 local
|
| 700 |
1 |
|
|a Sutherland, Daniel E.
|
| 710 |
2 |
|
|a Project Muse.
|e distributor
|
| 830 |
|
0 |
|a Book collections on Project MUSE.
|
| 856 |
4 |
0 |
|z Texto completo
|u https://projectmuse.uam.elogim.com/book/100676/
|
| 945 |
|
|
|a Project MUSE - Custom Collection
|